| 000 | 00692cab a2200229 4500 | ||
|---|---|---|---|
| 001 | ABS54096 | ||
| 008 | 090401t1995 xxu||||| |||| 00| 0 eng d | ||
| 035 | _a(Sirsi) u8490 | ||
| 041 | _aeng | ||
| 100 | _aJohnson, T. | ||
| 245 | _aCertainly it`s confusing! - plant and machinery | ||
| 260 | _c1995 | ||
| 350 | _a0 | ||
| 490 |
_aTaxation _v136(3530) 16 November 1995, 145-147(3) |
||
| 520 | _aAnalyses tax rules for plant and machinery, particularly Capital Allowances, fixtures and fittings and plant as structures. | ||
| 650 | _aCAPITAL ALLOWANCES | ||
| 650 | _aFIXTURES AND FITTINGS | ||
| 650 | _aPLANT AND MACHINERY | ||
| 690 | _aTAXATION | ||
| 942 | _n0 | ||
| 948 | _c04/03/1997 | ||
| 999 |
_c5236 _d5236 |
||